Latinitatis medii aevi lexicon bohemorum Slovník středověké latiny v českých zemích

Bibliographic Details
Format: Book
Language:Undetermined
PhysicalDescription:420 s.
Published: Praha Academia 1978

MARC

LEADER 00000nam a2200000 a 4500
001 vtls001282087
003 SK-MaSNL
005 20260223171618.0
008 210928s1978 xx 0 und
035 |a SNK000233522 
040 |a SNK  |b slo  |c SNK  |e AACR2 
245 1 |a Latinitatis medii aevi lexicon bohemorum  |b Slovník středověké latiny v českých zemích 
260 |a Praha  |b Academia  |c 1978 
300 |a 420 s. 
958 |a OND 
999 |c 628119  |d 630049 
952 |a SNK  |b SNK  |y VYP  |7 0  |p 17A0057821  |o snkIB 42320/3 D1  |i snkKIP 11226/79  |8 0  |3 rekatalogizácia  |0 0  |1 1  |4 0  |d 1997-04-04  |l 0  |r 2005-01-02 00:00:00  |w 2026-02-23 
952 |t P60, <04>, [BOOK], {604}  |a SNK  |b SNK  |y VYP  |7 0  |p 17A0240372  |o snkIB 42320/3  |0 0  |1 0  |4 0  |d 2000-04-28  |l 0  |r 2005-01-02 00:00:00  |w 2026-02-23